[Event "Thessaloniki-Chalkidiki-chT B"]
[Site "Thessaloniki"]
[Date "2022.03.13"]
[Round "1"]
[White "Gerontopoulos, Prodromos"]
[Black "Haliandros, Apostolos"]
[Result "1-0"]
[WhiteElo "1674"]
[BlackElo "1105"]
[PlyCount "87"]
[EventDate "2022.03.13"]
[EventType "team-tourn"]
[EventRounds "5"]
[EventCountry "GRE"]
[SourceTitle "EXT 2024"]
[Source "ChessBase"]
[SourceDate "2023.10.10"]
[SourceVersion "1"]
[SourceVersionDate "2023.10.10"]
[SourceQuality "1"]

1. c4 Nf6 2. Nc3 e6 3. g3 d5 4. cxd5 Nxd5 5. Bg2 b6 6. Nxd5 exd5 7. e3 Bb7 8. Ne2 g6 9. 0-0 Bg7 10. d4 0-0 11. Bd2 Nd7 12. Rc1 Nf6 13. f3 Re8 14. Qc2 Ba6 15. Rfe1 Bxe2 16. Rxe2 Rc8 17. Bh3 Nd7 18. Qa4 f5 19. Qb3 Nf6 20. e4 c6 21. Be3 fxe4 22. Bxc8 exf3 23. Rf2 Qxc8 24. Rxf3 Qd7 25. Kg2 Ne4 26. Rc2 h6 27. h3 Kh7 28. Qd3 b5 29. Qf1 Re7 30. Qc1 Re6 31. Qf1 Re7 32. b3 Kg8 33. Qc1 Re6 34. Bxh6 Bxd4 35. Qf1 Bf6 36. Bc1 Qe7 37. Bb2 Bxb2 38. Rxb2 Kg7 39. Rc2 a6 40. Qa1+ Kh7 41. Rf4 c5 42. Rh4+ Kg8 43. Qh8+ Kf7 44. Rh7# 1-0

[Event "Thessaloniki White Tower op-C 41th"]
[Site "Thessaloniki"]
[Date "2019.01.05"]
[Round "3.20"]
[White "Haliandros, Apostolos"]
[Black "Keramaros, Vasileios"]
[Result "0-1"]
[WhiteElo "1180"]
[BlackElo "1000"]
[PlyCount "96"]
[EventDate "2019.01.02"]
[EventType "swiss"]
[EventRounds "6"]
[EventCountry "GRE"]
[SourceTitle "EXT 2024"]
[Source "ChessBase"]
[SourceDate "2023.10.10"]
[SourceVersion "1"]
[SourceVersionDate "2023.10.10"]
[SourceQuality "1"]

1. d4 d5 2. c4 c6 3. Nc3 Nf6 4. cxd5 cxd5 5. Bf4 Nc6 6. Nf3 Bf5 7. Qa4 e6 8. Nb5 Bb4+ 9. Nd2 0-0 10. Bd6 Bxd6 11. Nxd6 Qxd6 12. a3 e5 13. e3 e4 14. h3 a6 15. Be2 b5 16. Qd1 b4 17. Nb3 bxa3 18. Rxa3 Qb4+ 19. Kf1 a5 20. g4 Be6 21. g5 Nd7 22. h4 a4 23. Nc5 Nxc5 24. dxc5 Qxc5 25. Rxa4 Rxa4 26. Qxa4 Bd7 27. Bb5 Rb8 28. Be2 Ne5 29. Qa1 Bb5 30. Qd1 Bxe2+ 31. Qxe2 Qc1+ 32. Kg2 Qxb2 33. Qa6 Nd3 34. Rf1 d4 35. exd4 Qxd4 36. Qa2 Qb2 37. Qd5 Qe2 38. Qf5 g6 39. Qh3 Nf4+ 40. Kg3 Nxh3 41. Kxh3 Qxf1+ 42. Kg3 Rb3+ 43. Kf4 e3 44. Ke4 Qxf2 45. h5 e2 46. h6 e1R+ 47. Kd5 Qd2+ 48. Kc5 Rc1# 0-1